Modelování v mechanice 2022 : sborník rozšířených abstraktů. Rožnov pod Radhoštěm, ČR, 26. - 27. 5. 2022
Salvato in:
| Ente Autore: | |
|---|---|
| Natura: | Atti del Convegno Libro |
| Lingua: | ceco inglese |
| Pubblicazione: |
Ostrava :
VŠB-TU Ostrava, Fakulta stavební,
2022
|
| Edizione: | 1. vyd. |
| Tags: |
Nessun Tag, puoi essere il primo ad aggiungerne!!
|
MARC
| LEADER | 00000nam a22000003a 4500 | ||
|---|---|---|---|
| 001 | 0095601 | ||
| 003 | SK-STU | ||
| 005 | 20220607084425.2 | ||
| 007 | ta | ||
| 008 | 150602s ----xo-----e------100-0-----d | ||
| 020 | |a 978-80-248-4609-5 | ||
| 020 | |a 978-80-248-4610-1 (online) | ||
| 035 | |a biblio/484043 |2 CREPC2 | ||
| 040 | |a STU |b slo | ||
| 041 | 0 | |a cze |a eng | |
| 044 | |a xr | ||
| 111 | 2 | |a Modelování v mechanice 2022 |n 20. |d 26. - 27. 5. 2022 |c Rožnov pod Radhoštěm, Česká republika | |
| 245 | 1 | 0 | |a Modelování v mechanice 2022 : |b sborník rozšířených abstraktů. Rožnov pod Radhoštěm, ČR, 26. - 27. 5. 2022 |
| 246 | 3 | 1 | |a Modelling in mechanics 20229 : |b proceedings of extended abstracts |
| 250 | |a 1. vyd. | ||
| 260 | |a Ostrava : |b VŠB-TU Ostrava, Fakulta stavební, |c 2022 | ||
| 300 | |a 40 s. | ||
| 996 | |c V* 2659/sc-22 |l VV14 |s P |a 0 |w 0095601_0001 | ||